Loading...
| Fine Arts - Classical Music | 0 | 4 | 1 | 1 | 35 | 108 | 118.25 | 0 | 0 | 2.47 | 11.36 |
| Fine Arts - Other | 0 | 3 | 1 | 0 | 25 | 47 | 87.67 | 0 | 1 | 9.32 | 18.18 |
| History - American | 0 | 3 | 1 | 0 | 25 | 67 | 89.00 | 1 | 2 | 7.85 | 17.05 |
| Science - Biology | 0 | 2 | 0 | 1 | 20 | 92 | 103.00 | 0 | 0 | 1.35 | 6.82 |
| Science - Physics | 0 | 2 | 0 | 1 | 20 | 92 | 105.50 | 0 | 0 | 2.66 | 4.55 |
| Literature - American | 0 | 2 | 0 | 0 | 20 | 99 | 103.50 | 0 | 0 | 4.55 | 7.95 |
| History - Other | 0 | 2 | 0 | 1 | 20 | 114 | 119.50 | 0 | 0 | 1.41 | 9.09 |
| History - European | 0 | 2 | 0 | 0 | 20 | 73 | 96.00 | 0 | 0 | 4.23 | 7.95 |
| Religion | 0 | 2 | 0 | 0 | 20 | 76 | 98.50 | 0 | 0 | 3.85 | 7.95 |
| Mythology | 0 | 2 | 1 | 0 | 15 | 64 | 76.50 | 0 | 2 | 6.50 | 13.64 |
| Social Science | 0 | 1 | 0 | 1 | 10 | 123 | 123.00 | 0 | 1 | 0.00 | 2.27 |
| Geography | 0 | 1 | 0 | 0 | 10 | 94 | 94.00 | 0 | 1 | 12.10 | 37.50 |
| History - World | 0 | 2 | 2 | 1 | 10 | 67 | 96.50 | 0 | 1 | 4.64 | 9.09 |
| Other Academic | 0 | 1 | 0 | 0 | 10 | 16 | 16.00 | 1 | 1 | 21.80 | 25.00 |
| Philosophy | 0 | 1 | 0 | 0 | 10 | 82 | 82.00 | 1 | 1 | 2.61 | 5.68 |
| Popular Culture | 0 | 1 | 0 | 1 | 10 | 125 | 125.00 | 0 | 0 | 2.65 | 6.25 |
| Science - Chemistry | 0 | 1 | 0 | 0 | 10 | 62 | 62.00 | 0 | 0 | 3.28 | 3.41 |
| Science - Other | 0 | 1 | 0 | 1 | 10 | 106 | 106.00 | 0 | 0 | 0.00 | 1.14 |
| Current Events | 0 | 1 | 0 | 0 | 10 | 82 | 82.00 | 0 | 1 | 10.56 | 25.00 |